True Blue (Demo) - Billie Eilish - All Lyrics - Statistics

General Stats
  • This quiz has been taken 71 times
  • The average score is 158 of 200
Answer Stats
Answer % Correct
blue
100%
blue,
100%
and
98%
And
98%
but
98%
But
98%
I
98%
I'm
98%
Ooh-ooh
98%
ooh-ooh
98%
so
98%
to
98%
black
96%
in
96%
live
96%
try
96%
white
96%
it
92%
you
90%
me
88%
not
84%
true
84%
True
84%
when
84%
over
82%
I’d
80%
I'd
80%
say
80%
still
80%
mean
76%
lake
73%
like
73%
my
73%
That's
73%
your
71%
the
67%
You’re
67%
here
59%
holding
59%
Lights
59%
out
59%
tear
59%
cheek,
57%
down
57%
count
55%
every
55%
on
55%
of
53%
then
53%
instead
49%
knocks,
49%
leave
49%
Three
49%
sheep
47%
bell
45%
find
45%
myself
45%
ring
43%
street
43%
Sleepwalk,
41%
park
35%
dreams
33%
anything
31%
Made
31%
made
31%
seem
31%
frozen
29%
might
29%
need
29%
Bad
27%
Cold
27%
days,
27%
mistakes,
27%
Now
27%
our
27%
dark
24%
marks
24%
Old
24%
gone
20%
ways
20%
we've
20%
No matching quizzes found
Score Distribution
Percent of People with Each Score
Percentile by Number Answered
Your Score History
You have not taken this quiz